| 000 | 00760nam a22002777a 4500 | ||
|---|---|---|---|
| 005 | 20260506110849.0 | ||
| 008 | 260506b |||||||| |||| 00| 0 eng d | ||
| 020 |
_a9780199244492 _qhbk |
||
| 041 | _aeng | ||
| 082 | _a341.232 SIM | ||
| 100 | _aSimma, Bruno | ||
| 245 |
_aThe Charter Of The United Nations: _bA Commentary _c/edited by Bruno Simma; |
||
| 250 | _a2nd ed. | ||
| 260 |
_aUSA _bOxford University Press _c2002 |
||
| 300 |
_alxiv, 895p. : _c26cm. |
||
| 490 | _vvol. 1 | ||
| 504 | _aindex | ||
| 650 | _aLaw of nations | ||
| 700 | _aMosler, Hermann | ||
| 700 | _aRandelzhofer, Albrecht | ||
| 700 | _aTomuschat, Christian | ||
| 700 | _aWolfrum, Rudiger | ||
| 700 | _aPaulus, Andreas | ||
| 700 | _aChaitidou, Eleni | ||
| 942 | _cENGLISH | ||
| 999 |
_c622604 _d622604 |
||